Development and emerging trends of international space law / (Record no. 88396)

MARC details
000 -LEADER
fixed length control field 00654nam a22001937a 4500
005 - DATE AND TIME OF LATEST TRANSACTION
control field 20140909153114.0
010 ## - LCCN (DPL NO)
LC control number ENG-110774
020 ## - INTERNATIONAL STANDARD BOOK NUMBER
International Standard Book Number 9788183876605
Terms of availability 1100.00
035 ## - SYSTEM CONTROL NUMBER
System control number EN-94306
037 ## - SOURCE OF ACQUISITION
Source of stock number/acquisition DBAD/PUB
082 ## - DEWEY DECIMAL CLASSIFICATION NUMBER
Classification number 343.097
100 ## - MAIN ENTRY--PERSONAL NAME
Personal name Tenneti, Vijaya Chandra
245 ## - TITLE STATEMENT
Title Development and emerging trends of international space law /
Statement of responsibility, etc by Vijaya Chandra Tenneti
260 ## - PUBLICATION, DISTRIBUTION, ETC. (IMPRINT)
Place of publication, distribution, etc New Delhi
Name of publisher, distributor, etc Serials Publications
Date of publication, distribution, etc 2014
270 ## - ADDRESS
Address 4830/24, Prahlad street, Ansari Road, Darya Ganj
City New Delhi
Postal code 110002
300 ## - PHYSICAL DESCRIPTION
Extent xii,299p.
Dimensions 22cm(Hb)
500 ## - GENERAL NOTE
General note Includes bibliographical references
942 ## - ADDED ENTRY ELEMENTS (KOHA)
Source of classification or shelving scheme Dewey Decimal Classification
Item type English Books
Classification part 343.097
Call number suffix TEN
Holdings
Withdrawn status Lost status Not for loan Collection code Home library Current library Date acquired Source of acquisition Cost, normal purchase price Full call number Barcode Copy number Cost, replacement price Koha item type
    Not For Loan Non-fiction D.B.Act.Division D.B.Act.Division 08/09/2014 DBAD/PUB 1100.00 343.097 TEN EN-94306 1 1100.00 English Books

© Delhi Public Library
Hit Counter
free hit counter